000 01136njm a2200277Ia 4500
001 E1325
003 IT-RoPAU
005 20220918181128.0
008 131025s9999 xx 000 0 und d
040 _aIT-RoPAU
040 _cIT-RoPAU
999 _c100357
_d100357
999 _bn.d.
100 _aChopin Fryderyk
_931415
100 _eAutore musica
_931416
100 _gCodice autore musica SPICS: 8056
_931417
245 _aMaurizio Pollini interpreta Chopin
250 _a1a ed.
260 _aITALIA
260 _bEMI - LA VOCE DEL PADRONE
_c1968 [1a Ed.:1968 - Ed. Lingua Orig.: 1840]
300 _aDISCO
500 _aMusica classica.
505 _aPolacca n. 5 in fa diesis minore op. 44 - Notturno n. 7 in do diesis minore, op. 27 n. 1 - Notturno n. 8 in re bemolle maggiore op. 27 n. 2 - Ballata n. 1 in sol minore op. 23 - Notturno n. 4 in fa maggiore op. 15 n. 1 - Notturno n. 5 in fa diesis maggiore op. 15 n. 2 - Polacca n. 6 in la bemolle maggiore op. 53 "Eroica".
650 _aCLASSICA [DISCHI]
_eCodice MATERIA SPICS: 9950
_91157
700 _aPollini Maurizio
_gCodice interprete SPICS: 47107
_eInterprete
_931418
942 _cMD
_2ddc